NLSUI OPAC header image

Report of the task force on administrative reforms to help liberalise procedures to attact investment (Record no. 110854)

MARC details
000 -LEADER
fixed length control field 00401nam a2200109Ia 4500
008 - FIXED-LENGTH DATA ELEMENTS--GENERAL INFORMATION
fixed length control field 180321s1996 xx 000 0 und d
082 ## - DEWEY DECIMAL CLASSIFICATION NUMBER
Classification number 346.048 DEP
245 ## - TITLE STATEMENT
Title Report of the task force on administrative reforms to help liberalise procedures to attact investment
260 ## - PUBLICATION, DISTRIBUTION, ETC.
Place of publication, distribution, etc. New Delhi
Name of publisher, distributor, etc. Dept of Industrial Policy and Promotion
Date of publication, distribution, etc. 1996
300 ## - PHYSICAL DESCRIPTION
Extent 57
650 ## - SUBJECT ADDED ENTRY--TOPICAL TERM
Topical term or geographic name entry element Industrial approvals-Study of policy
Holdings
Withdrawn status Lost status Damaged status Not for loan Collection code Home library Current library Shelving location Date acquired Total Checkouts Barcode Date last seen Price effective from Koha item type
          . .   23.12.2017   REP13143 29.03.2018 29.03.2018 Repository